Свойства алюминиевых сплавов, полученных с использованием СВС-лигатур; Перспективы развития фундаментальных наук; Т. 2 : Химия
| Parent link: | Перспективы развития фундаментальных наук=Prospects of Fundamental Sciences Development: сборник научных трудов XV Международной конференции студентов, аспирантов и молодых ученых, г. Томск, 24-27 апреля 2018 г./ Национальный исследовательский Томский политехнический университет (ТПУ) ; под ред. И. А. Курзиной, Г. А. Вороновой.— , 2018 Т. 2 : Химия.— 2018.— [С. 210-212] |
|---|---|
| Autor principal: | |
| Autor corporatiu: | , |
| Altres autors: | , |
| Sumari: | Заглавие с экрана In the paper studied the structural-phase state of the Al-Ti-B4C powder composite materials obtained via SHS process. The resulting composite materials were used as master alloy technically pure aluminium. The introduction of 0.1 wt. % of the TiB[2] particles into aluminum melt led to reduce the grain of the metal from 1200 [mu]m to 410 [mu]m. |
| Idioma: | rus |
| Publicat: |
2018
|
| Matèries: | |
| Accés en línia: | http://earchive.tpu.ru/handle/11683/50767 |
| Format: | MixedMaterials Electrònic Capítol de llibre |
| KOHA link: | https://koha.lib.tpu.ru/cgi-bin/koha/opac-detail.pl?biblionumber=627545 |
MARC
| LEADER | 00000naa2a2200000 4500 | ||
|---|---|---|---|
| 001 | 627545 | ||
| 005 | 20231101133451.0 | ||
| 035 | |a (RuTPU)RU\TPU\conf\27440 | ||
| 035 | |a RU\TPU\conf\27433 | ||
| 090 | |a 627545 | ||
| 100 | |a 20180912d2018 k y0rusy50 ca | ||
| 101 | 0 | |a rus |d eng | |
| 102 | |a RU | ||
| 105 | |a y z 100zy | ||
| 135 | |a drcn ---uucaa | ||
| 181 | 0 | |a i | |
| 182 | 0 | |a b | |
| 200 | 1 | |a Свойства алюминиевых сплавов, полученных с использованием СВС-лигатур |d Properties of aluminum alloys obtained with using SHS-ligatures |f А. Е. Матвеев, И. А. Жуков, В. В. Промахов |g науч. рук. И. А. Жуков | |
| 203 | |a Текст |c электронный | ||
| 230 | |a 1 компьютерный файл (pdf; 479 Kb) | ||
| 300 | |a Заглавие с экрана | ||
| 320 | |a [Библиогр.: с. 212 (4 назв.)] | ||
| 330 | |a In the paper studied the structural-phase state of the Al-Ti-B4C powder composite materials obtained via SHS process. The resulting composite materials were used as master alloy technically pure aluminium. The introduction of 0.1 wt. % of the TiB[2] particles into aluminum melt led to reduce the grain of the metal from 1200 [mu]m to 410 [mu]m. | ||
| 461 | 1 | |0 (RuTPU)RU\TPU\conf\26928 |t Перспективы развития фундаментальных наук |l Prospects of Fundamental Sciences Development |o сборник научных трудов XV Международной конференции студентов, аспирантов и молодых ученых, г. Томск, 24-27 апреля 2018 г. |o в 7 т. |f Национальный исследовательский Томский политехнический университет (ТПУ) ; под ред. И. А. Курзиной, Г. А. Вороновой |d 2018 | |
| 463 | 1 | |0 (RuTPU)RU\TPU\conf\26930 |t Т. 2 : Химия |v [С. 210-212] |d 2018 | |
| 510 | 1 | |a Properties of aluminum alloys obtained with using SHS-ligatures |z eng | |
| 610 | 1 | |a электронный ресурс | |
| 610 | 1 | |a свойства | |
| 610 | 1 | |a алюминиевые сплавы | |
| 610 | 1 | |a СВС | |
| 610 | 1 | |a лигатуры | |
| 610 | 1 | |a композиты | |
| 610 | 1 | |a порошковые смеси | |
| 700 | 1 | |a Матвеев |b А. Е. | |
| 701 | 1 | |a Жуков |b И. А. | |
| 701 | 1 | |a Промахов |b В. В. | |
| 702 | 1 | |a Жуков |b И. А. |4 727 | |
| 712 | 0 | 2 | |a Национальный исследовательский Томский государственный университет (ТГУ) |c (2009- ) |2 stltpush |3 (RuTPU)RU\TPU\col\17230 |
| 712 | 0 | 2 | |a Институт проблем химических и энергетических технологий СО РАН |
| 801 | 2 | |a RU |b 63413507 |c 20181005 |g RCR | |
| 856 | 4 | |u http://earchive.tpu.ru/handle/11683/50767 | |
| 942 | |c BK | ||